Current Law year book 2005 (Record no. 105995)

MARC details
000 -LEADER
fixed length control field 00514cam a22002055a 4500
001 - CONTROL NUMBER
control field E135306
008 - FIXED-LENGTH DATA ELEMENTS--GENERAL INFORMATION
fixed length control field 040722s2006 xxk f w 001 0 eng u
020 ## - INTERNATIONAL STANDARD BOOK NUMBER
International Standard Book Number 0421935707
035 ## - SYSTEM CONTROL NUMBER
System control number (Sirsi) u135306
041 ## - LANGUAGE CODE
Language code of text/sound track or separate title eng.
050 ## - LIBRARY OF CONGRESS CALL NUMBER
Classification number 340
110 ## - MAIN ENTRY--CORPORATE NAME
Corporate name or jurisdiction name as entry element Current Law
9 (RLIN) 2728
245 ## - TITLE STATEMENT
Title Current Law year book 2005
260 ## - PUBLICATION, DISTRIBUTION, ETC.
Place of publication, distribution, etc. London
Name of publisher, distributor, etc. Sweet and Maxwell
Date of publication, distribution, etc. 2006
300 ## - PHYSICAL DESCRIPTION
Extent 2v.
Dimensions 25cm.
490 ## - SERIES STATEMENT
Series statement Current Law Year Book
Volume/sequential designation [2005] C.L.Y. 1282
651 #4 - SUBJECT ADDED ENTRY--GEOGRAPHIC NAME
Geographic name United Kingdom
Chronological subdivision
690 ## - LOCAL SUBJECT ADDED ENTRY--TOPICAL TERM (OCLC, RLIN)
Topical term or geographic name as entry element LAW-UK
942 ## - ADDED ENTRY ELEMENTS (KOHA)
Suppress in OPAC 0
Holdings
Withdrawn status Lost status Source of classification or shelving scheme Damaged status Not for loan Home library Current library Shelving location Date acquired Total Checkouts Full call number Barcode Date last seen Copy number Price effective from Koha item type
    Dewey Decimal Classification     London London Enquiry desk 10/09/2007   ENQUIRY DESK 30074205 06/08/2019 1 06/08/2019 Reference material
    Dewey Decimal Classification     London London Enquiry desk 10/09/2007   ENQUIRY DESK 30074209 06/08/2019 2 06/08/2019 Reference material